Manual de autoedicion / (Record no. 7074)

MARC details
000 -LEADER
campo de control de longitud fija 00810nam a2200277 i 4500
001 - NÚMERO DE CONTROL
campo de control 7074
003 - IDENTIFICADOR DE NÚMERO DE CONTROL
campo de control ES-MaACL
005 - FECHA Y HORA DE LA ÚLTIMA TRANSACCIÓN
campo de control 20230906145144.0
007 - CAMPO FIJO DE DESCRIPCIÓN FÍSICA--INFORMACIÓN GENERAL
campo de control de longitud fija t|
008 - DATOS DE LONGITUD FIJA--INFORMACIÓN GENERAL
campo de control de longitud fija 900816s1989 sp ||||1| spa d
020 ## - NÚMERO INTERNACIONAL ESTÁNDAR DEL LIBRO
Número Internacional Estándar del Libro 84-86780-05-5
080 ## - NÚMERO DE LA CLASIFICACIÓN DECIMAL UNIVERSAL
Número de la Clasificación Decimal Universal 655:621-52
080 ## - NÚMERO DE LA CLASIFICACIÓN DECIMAL UNIVERSAL
Número de la Clasificación Decimal Universal 621-52:655
100 1# - ENTRADA PRINCIPAL--NOMBRE DE PERSONA
Nombre de persona Wilson-Davies, Kirty.
9 (RLIN) 117051
245 10 - MENCIÓN DEL TÍTULO
Título Manual de autoedicion /
Mención de responsabilidad, etc. Kirty Wilson-Davies, Joseph St. John Bate, Michael Barnard.
250 ## - MENCION DE EDICION
Mención de edición 1a ed.
260 ## - PUBLICACIÓN, DISTRIBUCIÓN, ETC.
Lugar de publicación, distribución, etc. Madrid :
Nombre del editor, distribuidor, etc. Tellus,
Fecha de publicación, distribución, etc. 1989.
300 ## - DESCRIPCIÓN FÍSICA
Extensión 147 p. ;
Dimensiones 24 cm.
490 1# - MENCIÓN DE SERIE
Mención de serie Biblioteca grafica
650 14 - PUNTO DE ACCESO ADICIONAL DE MATERIA--TÉRMINO DE MATERIA
Término de materia o nombre geográfico como elemento de entrada Autoedición.
9 (RLIN) 10428
700 1# - ENTRADA AGREGADA--NOMBRE PERSONAL
Nombre de persona Bate, Joseph St. John.
9 (RLIN) 26410
700 1# - ENTRADA AGREGADA--NOMBRE PERSONAL
Nombre de persona Barnard, Michael.
9 (RLIN) 25706
830 0# - PUNTO DE ACCESO ADICIONAL DE SERIE-TÍTULO UNIFORME
Título uniforme Biblioteca grafica
9 (RLIN) 227850
852 ## - LOCALIZACIÓN
Ubicación ES-MaACL
Número de control de estantería L-14271
Sublocalización o colección R.118221
Nota libre . - cart.
Holdings
Estatus retirado Estado de pérdida Estado de daño No para préstamo Biblioteca de origen Biblioteca actual Ubicación en estantería Fecha de adquisición Fuente de adquisición Total de préstamos Signatura topográfica completa Código de barras Visto por última vez Precio de reemplazo Tipo de ítem Koha
        Biblioteca del Ateneo de Madrid Biblioteca del Ateneo de Madrid Depósito 2 17/01/2008     L-14271 1007211 23/02/2023 23/02/2023 Libro impreso